000 00682nam a22002057a 4500
005 20140303171638.0
010 _aENG-108709
020 _c500.00
_a9788171641147
035 _aEN-92242
037 _bDBAD/PUB
082 _a595.76
100 _aPajni, H. R.
245 _aBiology of bruchidae :
_cby H. R. Panji [and] I.J. Gupta
_bstructure, development and control /
260 _aNew Delhi
_bIndian Council of Agricultural Research
_c2012
270 _aKrishi Anusandhan Bhavan-l
_bNew Delhi
_e110012
300 _aiv,221p.
_c24cm(pbk)
500 _aIncludes bibliographical references and Index
700 _aGupta, I. J.
942 _2ddc
_cEN
_mPAJ
_h595.76
999 _c80987
_d80987